| 000 | 00466 a2200157 4500 | ||
|---|---|---|---|
| 003 | OSt | ||
| 005 | 20231017133309.0 | ||
| 008 | 231017b |||||||| |||| 00| 0 eng d | ||
| 040 | _coclc | ||
| 082 |
_a892.74 _bHAI/A |
||
| 100 |
_aHaithami, Ibn hajaril _99737 |
||
| 245 |
_aAL UMDA FEE SHARHIL BURDA / _cIbn hajaril haithami |
||
| 260 |
_aKerala: _bAmeen bookstall, _c2019. |
||
| 300 | _a208 p | ||
| 942 |
_2ddc _cBK _h892.74 _iHAI/A _k892.74 _mHAI/A |
||
| 999 |
_c42725 _d42725 |
||